OXFORD HAND BOOK OF TROPICAL MEDICINE / (Record no. 795689)

MARC details
000 -LEADER
fixed length control field 00543pam a2200205 a 4500
020 ## - INTERNATIONAL STANDARD BOOK NUMBER
International Standard Book Number 0195672550
Terms of availability 345.00
041 ## - LANGUAGE CODE
Language code of text/sound track or separate title eng
Language code of original NULL
082 ## - DEWEY DECIMAL CLASSIFICATION NUMBER
Classification number 616
Item number EDD/PIE
100 ## - MAIN ENTRY--PERSONAL NAME
Personal name EDDLESTEN , M .
245 ## - TITLE STATEMENT
Title OXFORD HAND BOOK OF TROPICAL MEDICINE /
Statement of responsibility, etc. NULL.
Medium Textual Documents
250 ## - EDITION STATEMENT
Edition statement 2 /
Remainder of edition statement .
260 ## - PUBLICATION, DISTRIBUTION, ETC.
Place of publication, distribution, etc. NULL :
Name of publisher, distributor, etc. OXFORD UNIVERSITY PRESS ,
Date of publication, distribution, etc. 2005.
300 ## - PHYSICAL DESCRIPTION
Extent 686 :
Other physical details xxvi ;
Dimensions NULL .
365 ## - TRADE PRICE
Price type code 345.00
Price note 1
650 ## - SUBJECT ADDED ENTRY--TOPICAL TERM
Topical term or geographic name entry element GEN.MEDICINE
700 ## - ADDED ENTRY--PERSONAL NAME
Personal name PIERINI, S .
907 ## - LOCAL DATA ELEMENT G, LDG (RLIN)
a 3418
930 ## - EQUIVALENCE OR CROSS-REFERENCE-UNIFORM TITLE HEADING [LOCAL, CANADA]
Uniform title 1153
Holdings
Withdrawn status Lost status Damaged status Not for loan Collection Home library Current library Date acquired Source of acquisition Cost, normal purchase price Total Checkouts Full call number Barcode Date last seen Copy number Price effective from Koha item type Date due Date last checked out
          Medical College & Hospital, Sangli Medical College & Hospital, Sangli 28/11/2011 345.00   616 EDD/PIE MCS-3418 26/07/2023 2 26/07/2023 Book    
          Medical College & Hospital, Sangli Medical College & Hospital, Sangli 28/11/2011 345.00 1 616 EDD/PIE MCS-3417 06/10/2023 1 26/07/2023 Book 01/10/2043 06/10/2023